000 01201nam a22002897a 4500
003 OSt
005 20260310010320.0
008 260305b |||||||| |||| 00| 0 eng d
040 _bEnglish.
_cCvSU-CCAT Campus Library.
_erda.
050 _aUM HD 62.7
_bF38 2024
100 _aFauni, Arianne, author.
_918797
245 _aAxe's fishtastic : enterprise development project /
_cArianne Fauni, Xerxez Antwain C. Jamilano, Ezekiel S. Reyes.
260 _aRosario, Cavite :
_bCavite State University-CCAT Campus,
_c2024.
300 _axiii, 59 leaves :
_billustrations ;
_c28 cm
500 _aEnterprise Development Project (BSBA)--Cavite State University-CCAT Campus, 2024.
504 _aIncludes bibliographical references and appendices.
546 _aIn English text
650 0 _aEntrepreneurship
_9136
650 _aSmall business -- Management
_98827
650 _aPartnership
_99015
650 _aFishery Products -- Processing
_918800
650 _aFrozen foods industry
_918801
700 _aJamilano, Xerxez Antwain C., author.
_918798
700 _aReyes, Ezekiel S., author.
_918799
942 _2lcc
_cT/M/D
_hHD 62.7 F38 2024
_kUM
999 _c4775
_d4775